|
|
|
|
| LEADER |
01383nam a22003131 4500 |
| 001 |
c000048370 |
| 003 |
CARM |
| 005 |
00000000000000.0 |
| 008 |
820702s1963 cs b 10000 eng |
| 019 |
1 |
|
|a 2540236
|z 4132482
|5 LACONCORD2021
|
| 035 |
|
|
|a (OCoLC)537485
|5 LACONCORD2021
|
| 040 |
|
|
|a DLC/ICU
|c ICU
|
| 050 |
0 |
0 |
|a QA371
|b .C93 1962
|
| 111 |
2 |
0 |
|a Czechoslovak Conference on Differential Equations and Their Applications
|n (1st :
|d 1962 :
|c Prague, Czechoslovakia)
|
| 245 |
1 |
0 |
|a Differential equations and their applications;
|b proceedings.
|
| 260 |
|
|
|a Prague,
|b Pub. House of the Czechoslovak Academy of Sciences,
|c 1963.
|
| 300 |
|
|
|a 247 p.
|c 25 cm.
|
| 490 |
1 |
|
|a Symposia CSAV
|
| 500 |
|
|
|a "Arranged by the Czechoslovak Academy of Sciences and the Association of Czechoslovak Mathematicians and Physicists."
|
| 504 |
|
|
|a Includes bibliographies.
|
| 650 |
|
0 |
|a Differential equations
|x Congresses.
|
| 650 |
|
0 |
|a Mathematical physics
|x Congresses.
|
| 710 |
2 |
0 |
|a Ceskoslovenska akademie ved.
|
| 710 |
2 |
0 |
|a Jednota ceskoslovenskych matematiku a fyziku v Praze.
|
| 830 |
|
0 |
|a Symposia (Ceskoslovenska akademie ved)
|
| 852 |
8 |
|
|b CARM
|h A2:AD04F0
|i C00445
|p 0024541
|f BK
|
| 082 |
0 |
4 |
|a 516/.36
|
| 999 |
f |
f |
|i 1f1bd1a8-fd73-55ef-b611-b0359aa183de
|s abceabc0-17fb-5fb7-92a3-20480de7851d
|
| 952 |
f |
f |
|p Can circulate
|a CAVAL
|b CAVAL
|c CAVAL
|d CARM 1 Store
|e C00445
|f A2:AD04F0
|h Other scheme
|i book
|m 0024541
|